[Event "IRI-ch U14 Girls"]
[Site "Chess.com INT"]
[Date "2021.01.16"]
[Round "6"]
[White "Kargari Arian, Saba"]
[Black "Heydari, Tarlan"]
[Result "0-1"]
[WhiteElo "1444"]
[BlackElo "1263"]
[PlyCount "76"]
[EventDate "2021.01.16"]
[EventType "swiss"]
[EventRounds "9"]
[EventCountry "IRI"]
[SourceTitle "EXT 2022"]
[Source "ChessBase"]
[SourceDate "2021.10.06"]
[SourceVersion "1"]
[SourceVersionDate "2021.10.06"]
[SourceQuality "1"]

1. e4 e6 2. d4 d5 3. Nd2 Nf6 4. e5 Nfd7 5. Bd3 c5 6. c3 Nc6 7. Ne2 cxd4 8. cxd4 Qb6 9. Nf3 Bb4+ 10. Qd2 Bxd2+ 11. Bxd2 0-0 12. 0-0 a5 13. b3 a4 14. Rab1 axb3 15. Rxb3 Qa7 16. a3 Nb6 17. Rfb1 Nc4 18. Bf4 h6 19. h4 N6a5 20. Rb4 Nxa3 21. Ra1 N3c4 22. Rba4 Bd7 23. R4a2 Qb6 24. Rb1 Nb3 25. Rc2 Na3 26. Rcb2 Nxb1 27. Rxb1 Ra3 28. Rb2 Rfa8 29. Bc2 Ba4 30. Nc3 Qa7 31. Nxa4 Qxa4 32. Nd2 Qxd4 33. Rb1 Nxd2 34. Bxd2 Qxd2 35. Bb3 Qf4 36. g3 Qf3 37. Bd1 Qd3 38. Rc1 Ra1 0-1